000 00725nam a2200241Ia 4500
003 OSt
005 20220926014527.0
006 a|||||r|||| 00| 0
007 ta
008 220923b |||||||| |||| 00| 0 eng d
037 _cGeneral Book
040 _aRTL
_cRTL
_beng
041 _2eng
_aeng
082 _aX:8, K9
100 _aFayerweather John
_9126099
245 0 _aInternational business management
_b A conceptual fr
260 _aNew York
_bMcGraw-Hill
_c1969
300 _axii,220p
_ccm.
490 _aMcGraw-Hill Series in International Business Ed by Franklin R Root
500 _aBibliography: P 209-212
942 _hX:8, K9
_cGB
_2CC
999 _c629298
_d629298